000 00697nam a2200205 i 4500
001 186016
003 ES-MaACL
005 20251009063100.0
008 160905s1963 sz fo |||| | spa d
080 _a338.1 (494)
100 1 _aBauer, Hans,
_d1901-1995
_9160696
245 1 3 _aLa Suiza actual /
_credacción, Hans Bauer.
260 _aZurich :
_bOficina Nacional Suiza del Turismo,
_c1963.
300 _a72 p., [10] h. de lám. col., [16] p. de lám. fot. ;
_c18 cm.
650 4 _aIndustria-
_zSuiza.
_9160692
651 4 _aSuiza-
_xSituación económica.
_9160693
710 2 _aOficina Nacional Suiza del Turismo.
_9160697
852 _aES-MaACL
_jL-30618
999 _c186016
_d186016